000 00331 a2200121 4500
000 nam a22 7a 4500
005 20260207152559.0
020 _a9788198071910
100 _aKrishna Kumari
_91114377
245 _aIndian Knowledge System Gurukul System of Education
260 _bAngel Publisher & Dist.
_c2025
942 _cTEXL
999 _c1678921
_d1678921